01069nam a2200277 a 450000100060000000300080000600500170001400800410003102000150007203500150008703500190010204000320012104100080015308200150016110000450017624500610022126000520028230000430033449000370037750400510041465001000046570000590056594200130062499900170063795201370065422380BD-RjUL20211209000811.0140308s1971 njubch 001 0 eng d a0691061947 a0691061947 a(BD-RjUL)22445 aDLCcDLCdm.cdBD-RjULbeng aeng a824.8bTHW1 aThoreau, Henry David,d1817-1862.96566610aWalden /cHenry D. Thoreau ; edited by J. Lyndon Shanley aPrinceton :bPrinceton University Press,c1962. a330 p. :bfacsims., map, port ;c21 cm1 aThe writings of Henry D. Thoreau aIncludes bibliographical references and index. aThoreau, Henry David, -- 1817-1862 -- Homes and haunts -- Massachusetts -- Walden Woods.9691011 aShanley, J. Lyndonq(James Lyndon),d1910-1996.969102 2ddccRAR c22380d22380 00102ddc40718NFICaRUCLbRUCLcRared1965-05-25etime incg0.00l0oRA 824.8 THW 1962r2014-03-08 00:00:00tC-4w2021-12-09yRAR